LEADER 00981nam0 22002651i 450 001 RML0266640 005 20231121125723.0 100 $a20121121d1973 ||||0itac50 ba 101 | $aeng 102 $ait 181 1$6z01$ai $bxxxe 182 1$6z01$an 200 1 $aFluidic applications$ecourse held at the department of hydro-and gas-dynamics october 1970,Udine 1973$fGuido Belforte 210 $aUdine $cCISM $d1973 215 $a156 p.$cill.$d24 cm 300 $aIn testa al front.: International centre for mechanical sciences 700 1$aBelforte$b, Guido$3RMLV169449$028160 801 3$aIT$bIT-01$c20121121 850 $aIT-FR0099 899 $aBiblioteca Area Ingegneristica$bFR0099 912 $aRML0266640 950 0$aBiblioteca Area Ingegneristica$d 54DII$e 54VM 0000370835 VM barcode:ING2246D. - Inventario:2246DVM$fA $h20031205$i20121204 977 $a 54 996 $aFluidic applications$93624809 997 $aUNICAS